000 00575nam a22001937a 4500
003 LK-CoMWRAF
005 20231027004033.0
008 230921b2000 |||||||| |||| 00| 0 eng d
040 _aLK-CoMWRAF
_dLK-CoMWRAF
_eLK-CoMWRAF
041 _aeng
082 _a297.122
_bPIR
100 _aPirzadah, Shams
245 _aDawatul Quran :
_bArabic text, Translation and commentary : (Surah-Al-Fatihah & Al-Baqarah)
260 _aMumbai :
_bIdara Dawatul Quran,
_c2000
650 _aQurʼan--Criticism
650 _aInterpretation
700 _aShaikh, Karim
_etrans.
942 _cBK
999 _c3584
_d3584